La tecnica in Grecia e a Roma
Đã lưu trong:
| Tác giả chính: | |
|---|---|
| Định dạng: | Sách |
| Ngôn ngữ: | Tiếng Italy |
| Được phát hành: |
Bari
Laterza e Figli
1994
|
| Loạt: | Il Mondo degli Antichi,
749 |
| Những chủ đề: | |
| Các nhãn: |
Thêm thẻ
Không có thẻ, Là người đầu tiên thẻ bản ghi này!
|
MARC
| LEADER | 00000cam a2200000 a 4500 | ||
|---|---|---|---|
| 001 | UCD8784 | ||
| 003 | CL-VaPUC | ||
| 005 | 20211029104152.0 | ||
| 008 | 170527e19940000it |||||||||||||||||ita|d | ||
| 999 | |c 368093 |d 368091 | ||
| 020 | |a 8842043699 | ||
| 040 | |c Pontificia Universidad Católica de Valparaíso | ||
| 082 | 0 | 4 | |a 609 TRA 1994 |2 21 |
| 100 | 0 | |a Traina, Giusto |e author |9 592288 | |
| 245 | 1 | 3 | |a La tecnica in Grecia e a Roma |
| 260 | |a Bari |b Laterza e Figli |c 1994 | ||
| 300 | |a 154 páginas | ||
| 490 | 0 | |a Il Mondo degli Antichi, |v 749 | |
| 583 | |a last modification |c 20170527 00:32:00 |k Rodrigo Vera | ||
| 650 | 0 | |a Historia de la tecnología |9 266115 | |
| 650 | 7 | |a TECNOLOGIA Y CIVILIZACION |2 CL-VaPUC |9 312103 | |
| 650 | 0 | |a Historia de Grecia |9 267917 | |
| 650 | 0 | |a Historia de Roma |9 315349 | |
| 942 | |c BK |2 ddc | ||
| 945 | |d 20170527 00:32:00 |a dcastane | ||
| 952 | |0 0 |1 0 |2 ddc |3 erb |4 0 |6 609_000000000000000_TRA_1994 |7 0 |8 A |9 483352 |a FDOLAF |b FDOLAF |e Laffi, Umberto, 1939- |i 5392276 |o 609 TRA 1994 |p 5392276 |r 2024-01-30 |t 1 |w 2019-11-24 |y BK |z Catalogado en:20170527 |k LAF | ||